Doctor Who Episodes (2005-Present) Quiz Stats

 Plays Quiz Updated Mar 5, 2020

Support Sporcle.
Go Orange.
Score 0/165 Timer 15:00
31 Plays Today
Series Episode % Correct
Series 1Rose
93.4%
Series 1Dalek
85.5%
Series 3Blink
78.5%
Series 1The End of the World
78.2%
Series 1Bad Wolf
76.4%
Series 3Smith and Jones
74.6%
Series 2New Earth
74.5%
Series 1The Doctor Dances
74%
Series 1The Parting of the Ways
73.4%
Series 5The Eleventh Hour
73.3%
Series 1The Empty Child
72.5%
Series 2Doomsday
72.2%
Series 1World War Three
69.6%
SpecialsThe Day of the Doctor
69.2%
SpecialsThe Christmas Invasion
69.1%
Series 4Silence in the Library
68.9%
Series 2Tooth and Claw
68.3%
Series 3Utopia
68.2%
Series 1Father's Day
68.1%
Series 4Turn Left
67.9%
Series 5The Pandorica Opens
67.2%
Series 3The Shakespeare Code
67.2%
Series 3Gridlock
67%
Series 1The Unquiet Dead
66.9%
Series 4The Fires of Pompeii
66.9%
Series 2The Girl in the Fireplace
66.6%
Series 4Partners in Crime
66.4%
Series 1Boom Town
66.2%
Series 342
65.9%
Series 2Fear Her
65.2%
Series 4Midnight
64.9%
Series 3The Family of Blood
64.7%
Series 3The Sound of Drums
64.5%
Series 7The Angels Take Manhattan
64.4%
Series 3Daleks in Manhattan
64.3%
SpecialsThe Runaway Bride
64.2%
Series 5The Beast Below
64.2%
Series 2School Reunion
64%
SpecialsThe Time of the Doctor
63.9%
Series 1Aliens of London
63.6%
Series 2Rise of the Cybermen
63.6%
Series 2The Impossible Planet
63.5%
Series 2The Satan Pit
63.3%
Series 5The Big Bang
63.2%
Series 2The Age of Steel
63%
Series 4Planet of the Ood
62.6%
Series 3Last of the Time Lords
62.5%
Series 7The Name of the Doctor
62.3%
Series 4Journey's End
62.2%
SpecialsThe Waters of Mars
62.1%
Series 5The Vampires of Venice
62%
Series 1The Long Game
61.7%
Series 2Army of Ghosts
61.6%
Series 6The Impossible Astronaut
61.6%
Series 4Forest of the Dead
61.5%
Series Episode % Correct
Series 2Love & Monsters
61%
Series 4The Unicorn and the Wasp
60.3%
Series 5Amy's Choice
60.2%
Series 4The Doctor's Daughter
59.7%
Series 7Asylum of the Daleks
59.6%
Series 9Hell Bent
59.2%
Series 2The Idiot's Lantern
59.1%
Series 9Heaven Sent
59%
Series 8Deep Breath
58.9%
Series 4The Stolen Earth
58.9%
SpecialsThe End of Time: Part One
58.8%
Series 6The Wedding of River Song
58.8%
Series 7Dinosaurs on a Spaceship
58.7%
SpecialsThe End of Time: Part Two
58.6%
Series 3Human Nature
58.6%
Series 5Flesh and Stone
58.2%
Series 7The Power of Three
57.8%
Series 5The Time of Angels
57.5%
Series 3The Lazarus Experiment
56.9%
Series 5Vincent and the Doctor
56.8%
Series 6A Good Man Goes to War
56.7%
Series 6Let's Kill Hitler
56.5%
SpecialsVoyage of the Damned
56.3%
Series 4The Poison Sky
56.1%
SpecialsThe Snowmen
55.8%
SpecialsA Christmas Carol
55.5%
SpecialsThe Next Doctor
55.5%
Series 10The Pilot
55.5%
Series 5The Lodger
55.4%
Series 5Victory of the Daleks
55.3%
SpecialsThe Husbands of River Song
55%
Series 6The Doctor's Wife
54.8%
Series 4The Sontaran Stratagem
54.5%
Series 11The Woman Who Fell to Earth
54.2%
Series 3Evolution of the Daleks
53.8%
SpecialsPlanet of the Dead
53.3%
Series 9Face the Raven
53.2%
Series 6Day of the Moon
53.1%
Series 8Listen
53.1%
Series 7A Town Called Mercy
53.1%
Series 11Rosa
53%
Series 7The Bells of Saint John
52.7%
Series 6The Girl Who Waited
52.5%
Series 8Into the Dalek
52.5%
Series 10Smile
52%
Series 9The Girl Who Died
51.9%
SpecialsThe Doctor the Widow and the Wardrobe
51.8%
Series 12Spyfall, Part 2
51.8%
Series 12Spyfall, Part 1
51.8%
Series 5The Hungry Earth
51.4%
Series 5Cold Blood
50.9%
Series 9The Woman Who Lived
50.4%
Series 9The Magician's Apprentice
50.4%
Series 7Hide
50.3%
Series 9The Zygon Invasion
50%
Series Episode % Correct
Series 7Cold War
49.8%
SpecialsLast Christmas
49.8%
Series 8Dark Water
49.3%
Series 9The Zygon Inversion
49%
Series 7Nightmare in Silver
48.9%
Series 7The Crimson Horror
48.8%
Series 8Mummy on the Orient Express
48.8%
SpecialsThe Return of Doctor Mysterio
48.6%
Series 6The Almost People
48.5%
Series 7Journey to the Centre of the TARDIS
48.5%
Series 10The Doctor Falls
48.3%
Series 6The Curse of the Black Spot
48.2%
SpecialsResolution
48.2%
Series 8Death in Heaven
48.1%
Series 7The Rings of Akhaten
48%
Series 8Robot of Sherwood
47.6%
Series 8The Caretaker
47.5%
Series 9The Witch's Familiar
47.2%
Series 8Kill the Moon
47.1%
Series 9Before the Flood
47.1%
SpecialsTwice Upon a Time
47%
Series 6The Rebel Flesh
47%
Series 8Flatline
46.9%
Series 9Under the Lake
46.3%
Series 6Closing Time
46.2%
Series 8Time Heist
46.1%
Series 12The Timeless Children
45.5%
Series 6The God Complex
45.4%
Series 10Oxygen
44.7%
Series 10Knock Knock
43.8%
Series 9Sleep No More
43.5%
Series 11Kerblam!
43.5%
Series 10Thin Ice
43.3%
Series 10Extremis
42.7%
Series 10World Enough and Time
42.6%
Series 6Night Terrors
42.4%
Series 11The Ghost Monument
42.2%
Series 10The Pyramid at the End of the World
42.1%
Series 11Arachnids in the UK
41%
Series 8In the Forest of the Night
40.6%
Series 12Orphan 55
39.1%
Series 10Empress of Mars
38.7%
Series 11Demons of the Punjab
38.3%
Series 10The Lie of the Land
36.8%
Series 12Fugitive of the Judoon
36%
Series 12Praxeus
35.8%
Series 10The Eaters of Light
35.7%
Series 11It Takes You Away
35.4%
Series 12Ascension of the Cybermen
35.1%
Series 11The Witchfinders
34.9%
Series 12Nikola Tesla's Night of Terror
32.9%
Series 12Can You Hear Me?
31.9%
Series 11The Tsuranga Conundrum
31.6%
Series 11The Battle of Ranskoor Av Kolos
31%
Series 12The Haunting of Villa Diodati
30.7%

From the Vault

Tectonic Plate Boundaries

by hockeystix3

Science 30s
Instead of a welcome sign, these boundaries are marked by volcanoes.
Remove Ads.
Support Sporcle.
Get the best of Sporcle when you Go Orange. This ad-free experience offers more features, more stats, and more fun while also helping to support Sporcle. Thank you for becoming a member.

Show Comments

Extras

Top Quizzes Today


Score Distribution

Your Account Isn't Verified!

In order to create a playlist on Sporcle, you need to verify the email address you used during registration. Go to your Sporcle Settings to finish the process.

Report this User

Report this user for behavior that violates our Community Guidelines.

Details: